| 000 | 01903nam0a2200361 4500 | ||
|---|---|---|---|
| 001 | RU\NLR\BIBL_A\022269531 | ||
| 005 | 20260420011642.0 | ||
| 010 |
_a978-5-04-167942-2 _92000 |
||
| 021 |
_aRU _bКН-П-24-030134 _9КН-П-24-3062 |
||
| 035 | _a(NLR Aleph) 022269531 | ||
| 090 |
_a13659957 _c13659957 |
||
| 100 | _a20240702d2024 u y0rusy50 ca | ||
| 101 | 0 | _arus | |
| 102 | _aRU | ||
| 105 | _aa z 000zy | ||
| 181 | 0 |
_ai3 _baxxe |
|
| 181 | 0 |
_ab2 _bхb2e |
|
| 182 | 0 | _an | |
| 200 | 1 |
_aЗлятся ли буддийские монахи _eпомогающая книга по работе с эмоциями через психологию и творчество _fКристина Николаева, Филипп Жевлаков |
|
| 203 |
_aИзображение _aТекст _bвизуальные _cнепосредственные |
||
| 210 |
_aМосква _cЭксмо, Бомбора _d2024 |
||
| 215 |
_a217 с. _cил., цв. ил. _d22 |
||
| 300 | _aВ вып. дан. и макете загл.: Злятся ли буддийские монахи? Помогающая книга по работе с эмоциями через психологию и творчество | ||
| 333 | _a12+ | ||
| 517 | 1 | _aЗлятся ли буддийские монахи? Помогающая книга по работе с эмоциями через психологию и творчество | |
| 606 | 1 |
_aПсихоэмоциональные состояния _xСаморегуляция _92078277 _3RU\NLR\AUTH\661254121 |
|
| 686 | 1 | _aЮ935.21-78 | |
| 700 | 1 |
_aНиколаева _bК. Д. _cпсихолог _gКристина Дмитриевна _9271664 _3RU\NLR\AUTH\770271720 |
|
| 701 | 1 |
_aЖевлаков _bФ. Г. _gФилипп Григорьевич |
|
| 942 | _cBOOK | ||
| 980 | _aNB | ||